| 000 | 00683nam a22002297a 4500 | ||
|---|---|---|---|
| 003 | OSt | ||
| 005 | 20260701154920.0 | ||
| 008 | 260701b |||||||| |||| 00| 0 eng d | ||
| 020 | _a9780325077024 | ||
| 040 | _cChuka University Library | ||
| 050 |
_aLB 1573 _b.C 355 2015 |
||
| 100 |
_aCalkins Lucy _927666 |
||
| 245 | _aBecoming Avid Readers | ||
| 260 |
_aPortsmouth, NH _bHeinemann _c2015 |
||
| 300 |
_axv 137 pages _billustrated includes indexes |
||
| 650 | _aReading (Elementary) | ||
| 650 |
_aChildren.. Books and Reading _927881 |
||
| 650 |
_aReading Promotion _929189 |
||
| 700 |
_aMartinelli Marjorie _930340 |
||
| 700 |
_aHolley Christine _932461 |
||
| 942 |
_2lcc _cBK _n0 |
||
| 999 |
_c25831 _d25831 |
||